00651nam a22002057a 450000500170000000800410001701700120005801800090007002000180007904000240009705000240012108200080014510000230015324500520017626001230022830000180035156300110036965000310038065000340041120251021184927.0251021b |||||||| |||| 00| 0 eng d aLD.2513 a2025 a9789788548195 aNLNbEnglisheAACR2 aPR9387.9.A597bP288 a823 aANI, Light O.eaut aThe passion of a dreamer /cLight Onyiyechi Ani aBenin City, Edo State (P. O. Box 5089, No. 22 Benin Technical College Road Ugbowo) :bMindex Publishing Company,c2020 a82p. ;b17cm. a(pbk.) aNigerian fiction (English) aNigerian literature (English)